MARC details
| 000 -CABECERA |
| campo de control de longitud fija |
01092nam a2200265 a 4500 |
| 001 - NÚMERO DE CONTROL |
| campo de control |
000023704 |
| 005 - FECHA Y HORA DE LA ÚLTIMA TRANSACCIÓN |
| campo de control |
20200930022413.0 |
| 008 - DATOS DE LONGITUD FIJA--INFORMACIÓN GENERAL |
| campo de control de longitud fija |
101220s2002 sp r 001 e spa d |
| 020 ## - NÚMERO INTERNACIONAL ESTÁNDAR DEL LIBRO |
| Número Internacional Estándar del Libro |
8484830780 |
| 040 ## - FUENTE DE LA CATALOGACIÓN |
| Centro catalogador/agencia de origen |
DO-SdBNP |
| Lengua de catalogación |
spa |
| Centro/agencia transcriptor |
BNPHU |
| 082 ## - NÚMERO DE LA CLASIFICACIÓN DECIMAL DEWEY |
| Número de clasificación |
nnnn |
| Número de documento/Ítem |
A668a |
| 100 1# - ENTRADA PRINCIPAL--NOMBRE DE PERSONA |
| Nombre de persona |
Arce, Fernando de, |
| 9 (RLIN) |
48818 |
| 245 10 - MENCIÓN DE TÍTULO |
| Título |
Adagios y fábulas / |
| Mención de responsabilidad, etc. |
Fernando de Arce ; introducción, edición crítica, traducción anotada e índices a cargo de Antonio Serrano Cueto ; prólogo de J. Mª Maestre Maestre. |
| 260 ## - PUBLICACIÓN, DISTRIBUCIÓN, ETC. |
| Lugar de publicación, distribución, etc. |
Alcañiz : |
| Nombre del editor, distribuidor, etc. |
Instituto de Estudios Humanísticos ; |
| Lugar de publicación, distribución, etc. |
Madrid : |
| Nombre del editor, distribuidor, etc. |
Laberinto, |
| Fecha de publicación, distribución, etc. |
2002. |
| 300 ## - DESCRIPCIÓN FÍSICA |
| Extensión |
cviii, 288 p. ; |
| Dimensiones |
25 cm . |
| 490 1# - MENCIÓN DE SERIE |
| Mención de serie |
Palmyrenvs |
| Designación de volumen o secuencia |
2 |
| 490 1# - MENCIÓN DE SERIE |
| Mención de serie |
Textos y estudios humanísticos |
| Designación de volumen o secuencia |
2 |
| 500 ## - NOTA GENERAL |
| Nota general |
Incluye índice |
| 500 ## - NOTA GENERAL |
| Nota general |
Incluye referencias bibliográficas y notas al pie de las páginas. |
| 504 ## - NOTA DE BIBLIOGRAFÍA, ETC. |
| Nota de bibliografía, etc. |
Bibliografía: p. XCIX-CVIII |
| 590 ## - NOTA LOCAL (RLIN) |
| Nota local |
Inventariado, 2019 /LP |
| 700 1# - PUNTO DE ACCESO ADICIONAL--NOMBRE DE PERSONA |
| Nombre de persona |
Serrano Cueto, Antonio, |
| Fechas asociadas al nombre |
1965- |
| 9 (RLIN) |
48819 |
| 700 1# - PUNTO DE ACCESO ADICIONAL--NOMBRE DE PERSONA |
| Nombre de persona |
Maestre Maestre, José María, |
| Término indicativo de función/relación |
pról. |
| 9 (RLIN) |
43470 |
| 830 #0 - PUNTO DE ACCESO ADICIONAL DE SERIE-TÍTULO UNIFORME |
| Título uniforme |
Palmyrenvs. |
| Nombre de parte o sección de la obra |
Textos y estudios humanísticos ; |
| Designación de volumen o secuencia |
2 |
| 9 (RLIN) |
48820 |